| 000 | 00759nam a2200157 a 4500 | ||
|---|---|---|---|
| 008 | 201203s2012 ||||||||||||||||| || u | ||
| 020 | _a9781107660151 | ||
| 050 | _aGEN REF PE 1628 Cam | ||
| 245 | 0 | 0 |
_aCambridge learner's dictionary (4th edition) _cBy |
| 250 | _a4th edition | ||
| 260 |
_aCambridge _bCambridge University Press _c2012 |
||
| 300 | _axvii, 872 pages : illustrations | ||
| 650 | _aENGLISH LANGUAGE | ||
| 995 |
_aMAIN LIBRARY OPEN ACCESS _D35.16 _e750496 _FCBU-MAIN LIBRARY (Kitwe) _jGEN REF PE 1628 Cam _M2 _UAVAILABLE _WDec 8, 2020 _y750496 _ZMain Library Open Access Collection |
||
| 995 |
_aMAIN LIBRARY OPEN ACCESS _D35.16 _e750495 _FCBU-MAIN LIBRARY (Kitwe) _jGEN REF PE 1628 Cam _M1 _UAVAILABLE _WDec 8, 2020 _y750495 _ZMain Library Open Access Collection |
||
| 999 |
_c78012 _d78012 |
||